banner-ar

اعرف نفسك / (Record no. 50664)

MARC details
000 -الفاتح
حقل البيانات ثابتة الطول 00662nam a2200229Ia 4500
008 - عناصر البيانات ثابتة الطول - معلومات عامة
حقل البيانات ثابتة الطول 140319s9999 xx 000 0 ara d
040 ## - مصدر الفهرسة
وكالة الفهرسة الأصلية GCL /
وكالة النسخ GCL
082 04 - رقم تصنيف ديوى العشرى
رقم التصنيف 157.7
رقم المادة ى ا
100 1# - المدخل الرئيسى - إسم شخصى
الإسم الشخصى يسرى عبدالمحسن
245 10 - بيان العنوان
العنوان اعرف نفسك /
بيان المسئوليه,etc يسرى عبدالمحسن
300 ## - الوصف المادى
التعداد 157 ص
490 ## - بيان السلسلة
عنوان السلسلة كتاب اليوم الطبى
رقم المجلد/ التعيين التسلسلي 0
650 04 - المدخل الاضافى بالموضوع-مصطلح موضوعى
مصطلح موضوعي علم النفس
650 04 - المدخل الاضافى بالموضوع-مصطلح موضوعى
مصطلح موضوعي علم النفس المرضى
650 04 - المدخل الاضافى بالموضوع-مصطلح موضوعى
مصطلح موضوعي الانفعالات النفسية
650 04 - المدخل الاضافى بالموضوع-مصطلح موضوعى
مصطلح موضوعي الخوف
650 04 - المدخل الاضافى بالموضوع-مصطلح موضوعى
مصطلح موضوعي القلق
650 04 - المدخل الاضافى بالموضوع-مصطلح موضوعى
مصطلح موضوعي الحب العذرى
650 04 - المدخل الاضافى بالموضوع-مصطلح موضوعى
مصطلح موضوعي المرأة - علم النفس
942 ## - عناصر المدخل الإضافي( كوها)
مصدر التصنيف او مخطط الترفيف Dewey Decimal Classification
Koha [default] item type كتاب
Holdings
حالة التراجع حالة الفقد حالة تلف ليس للاعارة المكان المؤقت الموقع الحالى تاريخ الاكتساب اجمالي اﻻعارات رقم الطلب الباركود تاريخ اخر مشاهدة تاريخ تفعيل السعر نوع وعاء كوها
        مكتبة القاهرة الكبرى مكتبة القاهرة الكبرى 03/26/2014   157.7\ى ا 121536 03/26/2014 03/26/2014 كتاب

Powered By

EGPV